000
00252nam a22001097a 4500
082
_a
158
_b
POD/S
100
_a
PODDER,TANUSHREE
245
_a
SMART MEMORY
260
_a
BANGALORE
_b
PUSTAK MAHAL
650
_a
PERSONALITY DEVELOPMENT
_z
BANGALORE
942
_c
BK
999
_c
5376
_d
5376